000
00296nam a22001217a 4500
040
_c
333
082
_a
333 MAL 2001 C090
100
_a
MALCOLM HADDON
245
_a
Modelling and quantitative methods in fisheries
260
_a
Phnom Penh
_b
MAL
_c
2001
300
_a
406p.
_b
ill.
_c
29cm.
942
_c
EK
999
_c
11120
_d
11120